Comprehensive organic reactions in aqueous media
Published almost a decade ago, the first edition has served as the guide for research in this burgeoning field. Due to the cost, safety, efficiency, and environmental friendliness of water as a solvent, there are many new applications in industry and academic laboratories. More than forty percent of...
Uloženo v:
| Hlavní autor: | |
|---|---|
| Médium: | Kniha |
| Jazyk: | Undetermined |
| Vydáno: |
Hoboken, N.J.
Wiley
2007
|
| Témata: | |
| Tagy: |
Přidat tag
Žádné tagy, Buďte první, kdo otaguje tento záznam!
|
| Thư viện lưu trữ: | Trung tâm Học liệu Trường Đại học Cần Thơ |
|---|
| LEADER | 01125nam a2200205Ia 4500 | ||
|---|---|---|---|
| 001 | CTU_164380 | ||
| 008 | 210402s9999 xx 000 0 und d | ||
| 020 | |c 125.23 | ||
| 082 | |a 547.13422 | ||
| 082 | |b L693 | ||
| 100 | |a Li, Chao-Jun | ||
| 245 | 0 | |a Comprehensive organic reactions in aqueous media | |
| 245 | 0 | |c Chao-Jun Li, Tak-Hang Chan | |
| 260 | |a Hoboken, N.J. | ||
| 260 | |b Wiley | ||
| 260 | |c 2007 | ||
| 520 | |a Published almost a decade ago, the first edition has served as the guide for research in this burgeoning field. Due to the cost, safety, efficiency, and environmental friendliness of water as a solvent, there are many new applications in industry and academic laboratories. More than forty percent of this extensively updated second edition covers new reactions. For ease of reference, it is organized by functional groups. A core reference, Comprehensive Organic Reactions in Aqueous Media, Second Edition: | ||
| 650 | |a Chemistry, Organic,Solution (Chemistry),Hoá học, hữu cơ,Dung dịch (Hoá học) | ||
| 904 | |i Thoa, Hải | ||
| 980 | |a Trung tâm Học liệu Trường Đại học Cần Thơ | ||